000 00640nam a2200205 a 4500
005 20260322212054.0
008 data
096 _aWM 430 O68 1972
245 1 4 _aThe origins of group psychoanalysis
_cedited by Harold I. Kaplan and Benjamin J. Sadock
260 _aNew York
_bDutton
_cc1972
300 _ax, 100, L p.
490 0 _aModern group book, 1
500 _aIncludes glossary (49 p.)
500 _aOne of a series of volumes based on the authors' Comprehensive group therapy.
650 0 2 _aPsychoanalysis
_xhistory
650 0 2 _aPsychotherapy, Group
700 1 _aKaplan, Harold I.
700 1 _aSadock, Benjamin J.
001 data
999 _c1297
_d1297